Professional Communication Skills (Record no. 21433)

MARC details
000 -LEADER
fixed length control field 00441nam a2200181Ia 4500
008 - FIXED-LENGTH DATA ELEMENTS--GENERAL INFORMATION
fixed length control field 230524s9999 xx 000 0 und d
020 ## - INTERNATIONAL STANDARD BOOK NUMBER
ISBN 8121920922
082 ## - DEWEY DECIMAL CLASSIFICATION NUMBER
Classification number 658.45
Item number PRA
100 ## - MAIN ENTRY--AUTHOR NAME
Personal name S.R. Pravin Bhatia
245 #0 - TITLE STATEMENT
Title Professional Communication Skills
250 ## - EDITION STATEMENT
Edition statement 2ND
260 ## - PUBLICATION, DISTRIBUTION, ETC. (IMPRINT)
Place of publication NEW DELHI
Name of publisher S. Chand
Year of publication 2003
300 ## - PHYSICAL DESCRIPTION
Number of Pages VI;178
500 ## - GENERAL NOTE
General note Quantity Number: 5
650 ## - SUBJECT ADDED ENTRY--TOPICAL TERM
Topical Term English
700 ## - ADDED ENTRY--PERSONAL NAME
Personal name A.M. Sheikh
942 ## - ADDED ENTRY ELEMENTS (KOHA)
Koha item type Books
Holdings
Lost status Damaged status Permanent Location Current Location Shelving location Date acquired Full call number Accession Number Koha item type
    Central Library, Trident Academy of Technology Central Library, Trident Academy of Technology General Stacks 05/24/2023 658.45 PRA 947 Books
    Central Library, Trident Academy of Technology Central Library, Trident Academy of Technology General Stacks 05/24/2023 658.45 PRA 948 Books
    Central Library, Trident Academy of Technology Central Library, Trident Academy of Technology General Stacks 05/24/2023 658.45 PRA 949 Books
    Central Library, Trident Academy of Technology Central Library, Trident Academy of Technology General Stacks 05/24/2023 658.45 PRA 950 Books
    Central Library, Trident Academy of Technology Central Library, Trident Academy of Technology General Stacks 05/24/2023 658.45 PRA 951 Books
Trident Academy of Technology © 2023.
All rights reserved.                                                                                                                                                                                                        Designed by Team of Central Library .

Powered by Koha